000 00311pab a2200109 454500
008 180718b xxu||||| |||| 00| 0 eng d
100 _aSreedhar, D.Venkata
245 _aChanging pattern of industrial development of Andhra Pradesh
650 _aIndustry - India - Andhra Pradesh
773 _aYojana
909 _a22229
999 _c22229
_d22229